000 00928nam a2200301Ia 4500
008 160803s9999 xx 000 0 und d
020 _a978-1423113362
100 _aLambert, Joseph
245 _aAnnie Sullivan and the trials of Helen Keller /
245 _cby Joseph Lambert.
260 _aNew York :
260 _bScholastic Inc.
260 _c2012
300 _a92 pages :
300 _bchiefly color illustrations ;
300 _c26 cm
650 _aFemale friendship -- United States -- History --
650 _aKeller, Helen, -- 1880-1968 --
650 _aSullivan, Annie, -- 1866-1936 --
650 _aWomen -- United States -- Biography --
650 _aWomen -- United States -- History --
650 _xJuvenile literature.
650 _xJuvenile literature.
650 _xJuvenile literature.
650 _xJuvenile literature.
650 _xJuvenile literature.
700 _a630
999 _c298325
_d298325